000 00803cam a22002533a 4500
001 22901
003 PGUSA
005 20140828083504.0
008 071005s2007||||xxu|||||s|||||000 1 eng d
040 _aPGUSA
_beng
042 _adc
050 4 _aPT
100 1 _aBlicher, Steen Steensen,
_d1782-1848
245 1 0 _aTaglibro de Vilaĝ-pedelo
_h[electronic resource] /
_cSteen Steensen Blicher
260 _bProject Gutenberg,
_c2007
500 _aTranslation of: Brudstykker af en Landsbydegns Dagbog
506 _aPublic domain in the USA.
516 _aElectronic text
653 _aDanish fiction -- Translations into Esperanto
700 1 _aBulthuis, H. J.
_q(Hindrik Jan),
_d1865-1945
830 0 _aProject Gutenberg
_v22901
856 4 0 _uhttp://www.gutenberg.org/ebooks/22901
942 _cEB
999 _c252156
_d252156